| 000 | 00770nmm a22002657a 4500 | ||
|---|---|---|---|
| 005 | 20170222192423.0 | ||
| 008 | 161019b xxu||||| |||| 00| 0 spa d | ||
| 041 | _aspa | ||
| 082 | _aGT 38 | ||
| 100 |
_aAlvarez Rodriguez, Kevin _928196 |
||
| 100 |
_aFallas Esquivel, Ivannia _928197 |
||
| 100 |
_aMolina Castro, Esther _928198 |
||
| 100 |
_aMurillo Masis, Rodrigo _928199 |
||
| 100 |
_aSoto Ugalde, Kelly _928200 |
||
| 245 | _aAnálisis de recursos turísticos en el cantón de Santa Bárbara de la provincia de Heredia | ||
| 260 | _c2015 | ||
| 300 | _a51 páginas | ||
| 502 | _a | ||
| 650 |
_aHISTORIA _943 |
||
| 650 |
_aHEREDIA _94426 |
||
| 650 |
_aATRACTIVOS TURÍSTICOS _95394 |
||
| 650 |
_aDISTRITOS _927685 |
||
| 650 |
_aLÍMITES _91469 |
||
| 942 | _cGT | ||
| 999 |
_c8545 _d8545 |
||